|
|
|
|
| LEADER |
00724cam a2200217 7i4500 |
| 001 |
0000058285 |
| 005 |
20140601090000.0 |
| 008 |
080127s2006 my may |
| 020 |
# |
# |
|a 9833494404
|
| 020 |
# |
# |
|a 9789833494408
|
| 090 |
0 |
0 |
|a BP 184.3
|b .A2 2006
|
| 100 |
0 |
# |
|a Abdul Rahman Mohamed
|
| 245 |
1 |
0 |
|a Pelik tapi benar dalam solat
|c Abdul Rahman Mohamed.
|
| 260 |
# |
# |
|a Kuala Lumpur:
|b Telaga Biru,
|c 2006.
|
| 300 |
# |
# |
|a 134 p.:
|b ill.;
|c 22 cm..
|
| 490 |
0 |
0 |
|a Siri bimbingan solat
|
| 590 |
# |
# |
|a Pusat Pendidikan Asas dan Liberal
|
| 650 |
0 |
0 |
|a Islam --
|x Custom and practice
|
| 650 |
0 |
0 |
|a Prayer --
|x Islam
|
| 999 |
|
|
|a 1100051451
|b Book
|c Open Shelf
|e KOLEKSI TERBUKA
|
| 999 |
|
|
|a 1100051450
|b Book
|c Open Shelf
|e KOLEKSI TERBUKA
|